| 000 | 00615cam a2200241 4500 | ||
|---|---|---|---|
| 008 | 090401t1993 xxu||||| |||| 00| 0 eng d | ||
| 020 | _a0131158821 | ||
| 035 | _a(Sirsi) u91859 | ||
| 041 | _aeng | ||
| 050 | _a658.152 | ||
| 100 | _aLevy, Haim | ||
| 245 | _aCapital investment and financial decisions. | ||
| 250 | _a5th ed. | ||
| 260 |
_bPrentice Hall _c1993 |
||
| 300 | _axviii : 782p. ; 24cm | ||
| 350 | _a26.95 | ||
| 650 | _aCAPITAL BUDGETING | ||
| 650 | _aRISK ANALYSIS | ||
| 690 | _aPROPERTY-PROPERTY FINANCE AND INVESTMENT | ||
| 700 | _aSarnat, Marshall | ||
| 942 | _n0 | ||
| 948 | _c08/03/1999 | ||
| 999 |
_c97679 _d97679 |
||